LEADER 01651nam a2200337 u 4500 001 000000003477 003 CaOOAMICUS 005 20070226104537.0 008 940514s1985 it u000 u ita u 020 $a88-14-00538-9 035 $a10091125 040 $aPUL(R)$bita 041 1 $aita$hspa 100 1 $aLombardía, Pedro.$0(OLS)http://pul/name/3664 240 10$aLecciones de derecho canonico : introduccion ; derecho constitucional ; parte general$9(Lombardía, Pedro).$lItaliano.$0(OLS)http://pul/title/5094 245 10$aLezioni di diritto canonico :$bintroduzione ; diritto costituzionale ; parte generale /$cPedro Lombardia ; edizione italiana curata da Gaetano Lo Castro. 260 $aMilano :$bGiuffrè,$c1985. 300 $a244 p. ;$c22 cm 500 $aInclude indici. 500 $aEd. spagnola Tecnos. 504 $aContiene bibliografia. 650 4$aDiritto canonico.$0(OLS)http://pul/subject/1294 650 4$aDiritto costituzionale canonico.$0(OLS)http://pul/subject/2961 700 1 $aLo Castro, Gaetano,$d1940-2024.$0(OLS)http://pul/name/3662 850 $aPUL 852 $aPUL$W1$xDP1 Fondo Ciprotti$y59$m1543 A 14$j4601$nBK-PRI$b $qFondi$B4601$CPULBib$Z2$F4601 $81 852 $aPUL$W1$xDP1 Fondo G. Barberini$y122$m3 C 24$j115074$nBK-PRI$b 2 copia$qFondi$B178817$CPULBib$Z2$F178817 $HBar780 $81 941 1 $a1 996 $6020$a88-14-00538-9$9(OLS)http://pul/number/4542 996 $6245$aLezioni di diritto canonico :$bintroduzione ; diritto costituzionale ; parte generale$9(OLS)http://pul/title/5095 996 $6260$aMilano :$bGiuffrè$9(OLS)http://pul/publisher/48401 LEADER 01345nam a2200277 u 4500 001 000000023740 003 CaOOAMICUS 005 20070226111255.0 008 950519s1970 it u000 u ita u 035 $a10597278 040 $aPUL(R)$bita 100 1 $aSaporetti, Claudio.$0(OLS)http://pul/name/19959 245 10$aOnomastica Medio-Assira /$cClaudio Saporetti. 260 $aRome :$bBiblical Institute press,$c1970. 300 $a2 v. ;$c22 cm 490 1 $aStudia Pohl.$aSeries Maior.$aDissertationes scientificae de rebus orientis antiqui ;$v6 500 $aCopia dattiloscritta. 505 0 $av. I. I nomi di persona. -- v. II. Studi, vocabolari ed elenchi. 650 4$aLingua assira$xTesti.$0(OLS)http://pul/subject/14528 830 0$aStudia Pohl.$pSeries Maior.$pDissertationes scientificae de rebus orientis antiqui ;$v6.$0(OLS)http://pul/title/32985 850 $aPUL 852 $aPUL$W1$xDP1 Fondo Gelio$y54$m3 B 1.1-2$j33282$nBK-PRI$b $qFondi$B33282$CPULBib$Z2$F33282 $HPUL383, PUL386 $81 852 $aPUL$W1$xDP1 Fondo Gelio$y54$m3 B 1.1-2$j33282$nBK-PRI$b $qFondi$B33283$CPULBib$Z2$F33283 $HPUL383, PUL386 $81 941 1 $a1 996 $6245$aOnomastica Medio-Assira$9(OLS)http://pul/title/32984 996 $6260$aRome :$bBiblical Institute press$9(OLS)http://pul/publisher/50124